Anthropocene:101 Questions and answers for understanding the human impact on the global environment (Record no. 1224544)

MARC details
000 -LEADER
fixed length control field 00669nam a2200217Ia 4500
005 - DATE AND TIME OF LATEST TRANSACTION
control field 20241129104128.0
008 - FIXED-LENGTH DATA ELEMENTS--GENERAL INFORMATION
fixed length control field 241129s9999||||xx |||||||||||||| ||und||
020 ## - INTERNATIONAL STANDARD BOOK NUMBER
International Standard Book Number 9781788215114
037 ## - SOURCE OF ACQUISITION
Stock number Textual
040 ## - CATALOGING SOURCE
Original cataloging agency RTL
Language of cataloging eng
Transcribing agency RTL
041 ## - LANGUAGE CODE
Language code of text/sound track or separate title eng
Source of code eng
084 ## - COLON CLASSIFICATION NUMBER
Classification number U:(G:55) R3
Assigning agency RTL
100 ## - MAIN ENTRY--PERSONAL NAME
Personal name Turner Ii B.L.
9 (RLIN) 724899
245 #0 - TITLE STATEMENT
Title Anthropocene:101 Questions and answers for understanding the human impact on the global environment
Statement of responsibility, etc. Turner Ii B.L.
260 ## - PUBLICATION, DISTRIBUTION, ETC.
Place of publication, distribution, etc. UK
Name of publisher, distributor, etc. Angela Publishing
Date of publication, distribution, etc. 2023
300 ## - PHYSICAL DESCRIPTION
Extent xvi,382p.
365 ## - TRADE PRICE
Price type code INR
Price amount 3581.2
650 ## - SUBJECT ADDED ENTRY--TOPICAL TERM
Topical term or geographic name entry element Anthropocene
9 (RLIN) 724900
942 ## - ADDED ENTRY ELEMENTS (KOHA)
Koha item type Textbook
Classification part U:(G:55) R3
Holdings
Withdrawn status Lost status Damaged status Not for loan Home library Current library Date acquired Source of acquisition Cost, normal purchase price Inventory number Total Checkouts Full call number Barcode Date due Date last seen Date last checked out Price effective from Koha item type
        Ratan Tata Library Ratan Tata Library 2024-11-29 Ashutosh Technical Books 3581.20 7992 & 01/02/2023 1 U:(G:55) R3 RT1502480 2026-04-30 2026-04-16 2026-04-16 2024-11-29 Textbook
Copyright @ Delhi University Library System